Free to choose (Record no. 104355)
[ view plain ]
| 000 -LEADER | |
|---|---|
| fixed length control field | 01082cam a2200205 4500 |
| 001 - CONTROL NUMBER | |
| control field | L130106 |
| 008 - FIXED-LENGTH DATA ELEMENTS--GENERAL INFORMATION | |
| fixed length control field | 050623n2005 000 0 eng u |
| 035 ## - SYSTEM CONTROL NUMBER | |
| System control number | (Sirsi) u130106 |
| 041 ## - LANGUAGE CODE | |
| Language code of text/sound track or separate title | eng |
| 050 ## - LIBRARY OF CONGRESS CALL NUMBER | |
| Classification number | 331.481333 |
| -- | 18 |
| 110 ## - MAIN ENTRY--CORPORATE NAME | |
| Corporate name or jurisdiction name as entry element | Equal Opportunities Commission |
| 9 (RLIN) | 4738 |
| 245 ## - TITLE STATEMENT | |
| Title | Free to choose |
| Remainder of title | tackling gender barriers to better jobs |
| 260 ## - PUBLICATION, DISTRIBUTION, ETC. | |
| Place of publication, distribution, etc. | Manchester |
| Name of publisher, distributor, etc. | EOC |
| Date of publication, distribution, etc. | 2005 |
| 520 ## - SUMMARY, ETC. | |
| Summary, etc. | Equal Opportunities Commision has completed a two-year investigation, "Free to choose - tackling gender barriers to better jobs" which examined why men and women continue to work in traditional jobs and why young people choose apprenticeships in traditional sectors. The study found that young people entering training are not given the opportunities and choice that they need. |
| 520 ## - SUMMARY, ETC. | |
| Summary, etc. | Not found when searched for online 12/9/2011. |
| 590 ## - LOCAL NOTE (RLIN) | |
| Local note | IKA040705 |
| 690 ## - LOCAL SUBJECT ADDED ENTRY--TOPICAL TERM (OCLC, RLIN) | |
| Topical term or geographic name as entry element | CAREERS, EDUCATION AND TRAINING-RICS RAISING THE RATIO CAMPAIGN |
| 856 ## - ELECTRONIC LOCATION AND ACCESS | |
| Uniform Resource Identifier | <a href="https://www.eoc.org.uk/cseng/policyandcampaigns/occseg.asp">https://www.eoc.org.uk/cseng/policyandcampaigns/occseg.asp</a> |
| Public note | View the item free of charge at www.eoc.org.uk... |
| 942 ## - ADDED ENTRY ELEMENTS (KOHA) | |
| Suppress in OPAC | 0 |
| Withdrawn status | Lost status | Source of classification or shelving scheme | Damaged status | Not for loan | Home library | Current library | Shelving location | Date acquired | Total Checkouts | Full call number | Barcode | Date last seen | Copy number | Price effective from | Koha item type |
|---|---|---|---|---|---|---|---|---|---|---|---|---|---|---|---|
| Dewey Decimal Classification | Virtual | Virtual | Online | 23/06/2005 | ONLINE PUBLICATION | 130106-1001 | 06/08/2019 | 1 | 06/08/2019 | Book |